Statistieken voor Provincies van België

Klik hier om de quiz te nemen!

Algemene statistieken

  • Deze quiz is 104 keer genomen
  • De gemiddelde score is 10 van 10

Antwoordstatistieken

ProvincieAntwoord% Correct
1Antwerpen
100%
2Henegouwen
97%
5Luxemburg
97%
7Oost-Vlaanderen
97%
9West-Vlaanderen
97%
8Vlaams-Brabant
96%
4Luik
94%
3Limburg
93%
6Namen
92%
10Waals-Brabant
92%

Scoreverdeling

Percentiel versus Aantal Correcte Antwoorden

Procent van Mensen met Elke Score

Uw Scoregeschiedenis

U heeft deze quiz nog niet genomen